Hraničiarov učeň. Výkupné za Eraka /
Další kniha z fantasy série o hraničářském učni a jeho přátelích, tentokrát se vydávají do Aridy, aby předali výkupné za oberjarla Eraka.
Uloženo v:
| Série: | Hraničiarov učeň,
část 5 |
|---|---|
| Hlavní autor: | |
| Další autoři: | |
| Médium: | E-kniha |
| Jazyk: | Slovak |
| Vydáno: |
Praha :
Egmont,
2019
|
| Vydání: | Prvé vydanie |
| Témata: | |
| Příbuzné jednotky: | Z cyklu::
Hraničiarov učeň |
| Tagy: |
Žádné tagy |
| LEADER | 02337nam a2200553 i 4500 | ||
|---|---|---|---|
| 001 | 311018 | ||
| 003 | CZ PrSKC | ||
| 005 | 20260601215658.0 | ||
| 007 | ta | ||
| 008 | 190328s2019 xr d 000 f slo | ||
| 015 | |a cnb003085233 | ||
| 020 | |a 9788025245705 |q (vázáno) | ||
| 035 | |a (OCoLC)1104144042 | ||
| 040 | |a OLA001 |b cze |e rda | ||
| 041 | 1 | |a slo |h eng | |
| 072 | 7 | |a 821.111-3 |x Anglická próza, anglicky psaná |2 Konspekt | |
| 072 | 7 | |a 821-93 |x Literatura pro děti a mládež (beletrie) |2 Konspekt | |
| 080 | |a 821.111(94)-31 |2 MRF | ||
| 080 | |a 821-93 |2 MRF | ||
| 080 | |a (0:82-312.9) |2 MRF | ||
| 100 | 1 | |a Flanagan, John |q (John Anthony), |d 1944-2026 |7 xx0081982 |4 aut | |
| 240 | 1 | 0 | |a Erak's ransom. |l Slovensky |
| 245 | 1 | 0 | |a Hraničiarov učeň. |p Výkupné za Eraka / |c John Flanagan ; preložila Dana Nová |
| 246 | 3 | |a Hraničiarov učeň 5 | |
| 246 | 3 | 0 | |a Výkupné za Eraka |
| 250 | |a Prvé vydanie | ||
| 264 | 1 | |a Praha : |b Egmont, |c 2019 | |
| 300 | |a 420 stran ; |c 21 cm | ||
| 336 | |a text |b txt |2 rdacontent | ||
| 337 | |a bez média |b n |2 rdamedia | ||
| 338 | |a svazek |b nc |2 rdacarrier | ||
| 500 | |a Přeloženo z angličtiny | ||
| 500 | |a Na hřbetu označení: kniha 5 | ||
| 520 | 2 | |a Další kniha z fantasy série o hraničářském učni a jeho přátelích, tentokrát se vydávají do Aridy, aby předali výkupné za oberjarla Eraka. | |
| 521 | 8 | |a Pro čtenáře od 10 let | |
| 655 | 7 | |a australské romány |7 fd131842 |2 czenas | |
| 655 | 7 | |a fantasy romány |7 fd184199 |2 czenas | |
| 655 | 7 | |a publikace pro mládež |7 fd133157 |2 czenas | |
| 655 | 9 | |a Australian fiction |2 eczenas | |
| 655 | 9 | |a fantasy novels |2 eczenas | |
| 655 | 9 | |a juvenile literature |2 eczenas | |
| 700 | 1 | |a Nová, Dana |7 ola20191030744 |4 trl | |
| 900 | |a ABA001 |b 20 | ||
| 928 | 9 | |a Albatros Media - Egmont | |
| 044 | |a xr | ||
| 787 | 0 | 8 | |g 5 |i Z cyklu: |t Hraničiarov učeň |
| 910 | |a RBIT002 | ||
| 998 | |d 184167 |a https://core.palmknihy.cz/api/books/184167/cover?poz48y |b https://core.palmknihy.cz/api/books/184167/cover/400?poz48y |c https://core.palmknihy.cz/api/books/184167/cover/50?poz48y |e 2028-09-17 |g 420 |i 9788025245705 |j https://core.palmknihy.cz/api/books/184167/preview.epub |k https://core.palmknihy.cz/api/books/184167/preview.pdf |l |q 49 |r 1 |s https://www.palmknihy.cz/kniha/184167 |t ebook |y 2019 |z 0 |v Hraničiarov učeň |w 5 | ||
| 999 | |d 311016 | ||